Statistics for WW1 some Countries

Click here to take the quiz!

General Stats

  • This quiz has been taken 35 times
  • The average score is 12 of 15

Answer Stats

HintAnswer% Correct
Declared war on SerbiaAustria-Hungary
96%
Russia's AllyFrance
92%
Briatin's ally next to China and KoreaJapan
92%
Declared war on Germany on 4th AugustUK
92%
Declared war on Russia at 1st AugustGermany
88%
Killed Franz FerdinandSerbia
88%
Helped the Allies at the western frontUSA
88%
Germany declared them war on them
to take easaly France
Belgium
83%
Small country next to SerbiaMontenegro
83%
Hate Greece until modern dayOttoman Empire
83%
Lounch the battles of IsnonzoItaly
79%
British ally at IberiaPortugal
75%
Let allies land at SalonicaGreece
71%
Independent country that had almost the same flag as the USALiberia
67%
Wants to protect slavic nationsRussian Empire
38%

Score Distribution

Percentile by Number Answered

Percent of People with Each Score

Your Score History

You have not taken this quiz